000 01326cam a2200361 i 4500
001 42700
003 Mx-PuUPA
005 20250311123822.0
008 140415s2010 mx d gr 000 0 spa d
020 _a9786074013450
040 _aMx-PuUPA
_bspa
_cMx-PuUPA
_dMx-PuUPA
_erda
041 0 _aspa
100 1 _aLayton, Michael,
_916827
_eautor
245 1 0 _aFilantropía y sociedad civil en México :
_banálisis de la ENAFI 2005-2008 /
_cMichael Layton, Alejandro Moreno
246 3 _aAnálisis de la ENAFI 2005-2008.
250 _aPrimera edición /
_bnoviembre
264 1 _aMéxico, D.F. :
_bMiguel Ángel Porrúa, librero editor,
_c©2010
300 _a231 páginas :
_bgráficas, tablas ;
_c21 cm
336 _2rdacontent
_atexto
_btxt
337 _2rdamedia
_asin medio
_bn
338 _2rdacarrier
_avolumen
_bnc
490 0 _aLas ciencias sociales
490 0 _aTercera década
490 0 _aSociología
650 7 _2armarc
_aBeneficiencia
_zMéxico
650 7 _2armarc
_aSociedades de beneficiencia
_zMéxico
650 7 _2armarc
_aEncuestas sociales
700 1 _aMoreno, Alejandro,
_eautor
942 _2ddc
_cLI
_h361.70972
_iL42
999 _c42700
_d42700